| 000 | 00321nam a22001217a 4500 | ||
|---|---|---|---|
| 008 | 220209b ||||| |||| 00| 0 eng d | ||
| 020 | _a9781494044701 | ||
| 100 |
_aIssler Roller Anne _97511 |
||
| 245 | _aHappier For His Presence | ||
| 260 |
_aU.S.A _bStanford University Press _c1949 |
||
| 300 | _a180.P | ||
| 942 |
_2ddc _cBK |
||
| 999 |
_c11991 _d11991 |
||